[Event "Fredericia Chess Kandidat 2016"]
[Site "Erritso"]
[Date "2016.05.08"]
[Round "5"]
[White "Sorensen, Torben Kyhl"]
[Black "Andersen, Lars Ren"]
[Result "1-0"]
[WhiteElo "2176"]
[BlackElo "2191"]
[PlyCount "129"]
[EventDate "2016.??.??"]



1. e4 d6 2. d4 Nf6 3. Nc3 e5 4. dxe5 dxe5 5. Qxd8+ Kxd8 6. Bg5 Bd6 7. O-O-O h6
8. Bh4 g5 9. Bg3 Nc6 10. h4 Rg8 11. hxg5 hxg5 12. Nge2 a6 13. Rh6 Ke7 14. Nd5+
Nxd5 15. exd5 Nd8 16. Nc3 f5 17. f3 Nf7 18. Rh5 Bd7 19. Bd3 Rh8 20. Rdh1 Rxh5
21. Rxh5 b5 22. Nd1 Kf6 23. Bf2 Re8 24. a4 Kg6 25. Rh1 Kf6 26. axb5 axb5 27.
Nc3 Rb8 28. Nd1 Ra8 29. Kb1 Rb8 30. Kc1 Re8 31. Nc3 Rb8 32. Nd1 Ra8 33. Kb1 Ra5
34. c3 c6 35. dxc6 Bxc6 36. Ne3 f4 37. Ng4+ Kg7 38. Rh7+ Kf8 39. Bg6 Bd5 40.
Nf6 Bb3 41. Ne4 Be7 42. Bc5 Bxc5 43. Nxc5 Bc4 44. b3 Bd5 45. Nd7+ Ke7 46. Bxf7
Bxf7 47. Nxe5 Kf6 48. Nxf7 Kg6 49. Nxg5 b4 50. Rh4 Kxg5 51. Rg4+ Kf5 52. cxb4
Rb5 53. Kb2 Rb8 54. Rh4 Rg8 55. Rh2 Ke5 56. b5 Kd4 57. b6 Rg6 58. b7 Rb6 59.
Rh7 Kd3 60. Rd7+ Ke3 61. Kc3 Rc6+ 62. Kb4 Rb6+ 63. Ka4 Kf2 64. b4 Kxg2 65. Ka5
1-0

[Event "Fredericia Chess Kandidat 2016"]
[Site "Erritso"]
[Date "2016.05.08"]
[Round "5"]
[White "Schuette, Andreas"]
[Black "Rossen, Claus"]
[Result "0-1"]
[WhiteElo "2170"]
[BlackElo "2164"]
[PlyCount "84"]
[EventDate "2016.??.??"]



1. d4 Nf6 2. Bg5 e6 3. e4 h6 4. Bxf6 Qxf6 5. c3 e5 6. dxe5 Qxe5 7. Bd3 Bc5 8.
Nd2 O-O 9. Ngf3 Qh5 10. Nf1 Nc6 11. Ng3 Qg4 12. h3 Qe6 13. Bc2 d6 14. Nh5 Ne5
15. Nd4 Qg6 16. O-O Nc6 17. Kh2 Bxd4 18. cxd4 Nxd4 19. Qxd4 Qxh5 20. Qd3 Be6
21. f4 f5 22. Qb5 b6 23. e5 Qe8 24. Qxe8 Rfxe8 25. exd6 cxd6 26. Rfe1 Kf8 27.
Ba4 Re7 28. Red1 Rd8 29. Rd4 Bf7 30. Bc2 g6 31. h4 Re2 32. Bd3 Rxb2 33. h5 Rd2
34. Rc1 Rd7 35. a3 Kg7 36. hxg6 Bxg6 37. Rc3 Kf6 38. Rb4 Bf7 39. Kh3 Bd5 40.
Bf1 Rg7 41. g3 Be4 42. Rbc4 Rf2 0-1

[Event "Fredericia Chess Kandidat 2016"]
[Site "Erritso"]
[Date "2016.05.08"]
[Round "5"]
[White "Dalsberg, Sandra de Blecourt"]
[Black "Rewitz, Poul"]
[Result "0-1"]
[WhiteElo "2096"]
[BlackElo "2174"]
[PlyCount "64"]
[EventDate "2016.??.??"]



1. d4 g6 2. c4 f5 3. Nf3 Nf6 4. g3 Bg7 5. Bg2 O-O 6. O-O d6 7. Nc3 c6 8. Qb3
Na6 9. Be3 Nh5 10. d5 c5 11. Bd2 f4 12. Ne4 Rb8 13. Bc3 Bh6 14. Rad1 Nc7 15. a4
b6 16. Qa2 fxg3 17. hxg3 Bg4 18. b3 Qd7 19. Nfg5 Qf5 20. Ne6 Nxe6 21. dxe6 Ng7
22. Nxd6 exd6 23. Rxd6 Rbe8 24. Rd7 Bh3 25. Qb2 Bxg2 26. Bxg7 Qh3 27. f4 Qh1+
28. Kf2 Qxf1+ 29. Ke3 Rxe6+ 30. Be5 Bxf4+ 31. gxf4 Qxf4+ 32. Kd3 Be4+ 0-1

[Event "Fredericia Chess Kandidat 2016"]
[Site "Erritso"]
[Date "2016.05.08"]
[Round "5"]
[White "Jensen, Jacob Bjerre"]
[Black "Jensen, Thore Nyboe"]
[Result "1/2-1/2"]
[WhiteElo "2178"]
[BlackElo "2058"]
[PlyCount "68"]
[EventDate "2016.??.??"]



1. d4 Nf6 2. c4 e6 3. Nc3 Bb4 4. Nf3 c5 5. e3 O-O 6. Bd3 d6 7. O-O Bxc3 8. bxc3
Nc6 9. Nd2 e5 10. d5 Na5 11. f4 Qe7 12. Nb3 Nxb3 13. axb3 Bg4 14. Qe1 e4 15.
Bb1 h5 16. b4 Rfc8 17. f5 Qe5 18. bxc5 Rxc5 19. Ba2 Ra5 20. c5 Bxf5 21. cxd6
Bg6 22. Bd2 Ng4 23. g3 Rxa2 24. Rxa2 Qxd5 25. c4 Qxc4 26. Ra5 b6 27. Ra1 Ne5
28. Qc1 Qd3 29. Bb4 a5 30. Ra2 Rd8 31. Qc7 Qxe3+ 32. Kh1 Rd7 33. Qc8+ Kh7 34.
Bc3 Rxd6 1/2-1/2